[Event "GER-ch Net blitz qual4"]
[Site "Playchess.com INT"]
[Date "2021.05.10"]
[Round "5"]
[White "Nitzel, Felix"]
[Black "Heerde, Thomas"]
[Result "1-0"]
[WhiteElo "1906"]
[BlackElo "1683"]
[PlyCount "59"]
[EventDate "2021.05.10"]
[EventType "swiss (blitz)"]
[EventRounds "11"]
[EventCountry "GER"]
[SourceTitle "CBM 202 Extra"]
[Source "ChessBase"]
[SourceDate "2021.07.31"]
[SourceVersion "1"]
[SourceVersionDate "2021.07.31"]
[SourceQuality "1"]

1. e4 d5 2. exd5 Nf6 3. d4 Qxd5 4. Nc3 Qa5 5. Bc4 c6 6. Nge2 Bf5 7. 0-0 e6 8. Ng3 Bg6 9. f4 Nbd7 10. f5 exf5 11. Qe2+ Kd8 12. Bf4 Bb4 13. Qf3 Nb6 14. Bb3 Bxc3 15. bxc3 Nbd5 16. c4 Nxf4 17. Qxf4 Qc7 18. Nxf5 Qxf4 19. Rxf4 Nh5 20. Rf2 Re8 21. g4 Bxf5 22. Rxf5 Nf6 23. g5 Ne4 24. Rxf7 Nxg5 25. Rxg7 Nf3+ 26. Kg2 Nxd4 27. Rd1 c5 28. c3 Re2+ 29. Kg1 Rxh2 30. Kxh2 1-0